Loading...
| Visual Arts | 1 | 4 | 1 | 1 | 50 | 69 | 111.80 | 0 | 3 | 8.17 | 20.48 |
| Science - Physics | 0 | 4 | 2 | 1 | 30 | 88 | 104.25 | 0 | 2 | 7.57 | 24.33 |
| Philosophy | 0 | 2 | 0 | 0 | 20 | 125 | 127.50 | 0 | 0 | 0.58 | 6.06 |
| History - European | 0 | 2 | 0 | 1 | 20 | 136 | 137.50 | 0 | 0 | 0.10 | 2.02 |
| Fine Arts - Other Arts | 0 | 2 | 1 | 0 | 15 | 50 | 62.00 | 1 | 2 | 7.66 | 12.50 |
| Science - Biology | 0 | 1 | 0 | 0 | 10 | 81 | 81.00 | 0 | 1 | 2.79 | 5.84 |
| Fine Arts - Classical Music and Opera | 1 | 0 | 1 | 0 | 10 | 54 | 54.00 | 1 | 1 | 4.11 | 7.14 |
| Social Science | 0 | 0 | 0 | 0 | 0 | 0.00 | 0 | 0 | 0.00 | 0.00 | |
| Geography | 0 | 0 | 1 | 0 | -5 | 0.00 | 0 | 0 | 0.00 | 0.00 | |
| Literature - British | 0 | 0 | 1 | 0 | -5 | 0.00 | 0 | 0 | 0.00 | 0.00 | |
| Science - Chemistry | 0 | 2 | 5 | 0 | -5 | 113 | 123.50 | 0 | 0 | 0.63 | 4.17 |
| Science - Other | 0 | 2 | 5 | 1 | -5 | 117 | 124.00 | 0 | 0 | 0.40 | 2.82 |
| Beliefs | 0 | 0 | 2 | 0 | -10 | 0.00 | 0 | 0 | 0.00 | 0.00 | |
| Modern World | 0 | 0 | 2 | 0 | -10 | 0.00 | 0 | 0 | 0.00 | 0.00 |